| 000 | 00600nam a2200217 a 4500 | ||
|---|---|---|---|
| 999 |
_c2485 _d2485 |
||
| 001 | 010864204 | ||
| 003 | UkOxU | ||
| 005 | 20230612083435.0 | ||
| 008 | 931008r19911978enka j 000 1 eng d | ||
| 020 | _a0749800372 | ||
| 040 | _cKH8 | ||
| 082 | _a823.914 HAR | ||
| 100 | 1 |
_aHargreaves, Roger, _d1935-1988. _eauthor |
|
| 245 | 1 | 0 |
_aMr. Clever / _cby Roger Hargreaves. |
| 260 |
_aManchester : _bWorld International, _c1991. |
||
| 300 |
_a[36] p. : _bcol. ill. ; _c13 x 15 cm. |
||
| 490 | 1 |
_aMr. Men classic ; _v37 |
|
| 650 | _achildren's story | ||
| 830 | 0 |
_aMr. Men classic ; _v37 |
|
| 942 |
_2ddc _cFIC |
||